[Event "Mazowiec-chT 0708"]
[Site "Poland"]
[Date "2007.11.18"]
[Round "3"]
[White "Sliwinski, Marcin"]
[Black "Brudzinski, Maciej"]
[Result "1-0"]
[WhiteElo "2120"]
[BlackElo "2104"]
[PlyCount "69"]
[EventDate "2007.10.14"]
[EventType "tourn"]
[EventRounds "10"]
[EventCountry "POL"]
[SourceTitle "EXT 2010"]
[Source "ChessBase"]
[SourceDate "2010.11.25"]
[SourceVersion "1"]
[SourceVersionDate "2010.11.25"]
[SourceQuality "1"]

1. e4 c5 2. Nc3 Nc6 3. g3 g6 4. Bg2 Bg7 5. d3 d6 6. Be3 Nf6 7. h3 Bd7 8. Qd2 Nd4 9. Nd1 e5 10. c3 Ne6 11. Ne2 Bc6 12. f4 exf4 13. gxf4 Nh5 14. 0-0 f5 15. Nf2 Qh4 16. d4 Bb5 17. dxc5 dxc5 18. Qd5 Qe7 19. exf5 Bxe2 20. fxe6 Rd8 21. Qxc5 Qxe6 22. Rfe1 Ng3 23. Kh2 Rc8 24. Qxa7 0-0 25. Kxg3 g5 26. Rxe2 gxf4+ 27. Kh2 f3 28. Bxf3 Rxf3 29. Rg1 Qd6+ 30. Kh1 Qd5 31. Rxg7+ Kf8 32. Qxb7 Rxh3+ 33. Kg1 Rg3+ 34. Kf1 Qg2+ 35. Qxg2 1-0

[Event "Chojnice op-A 2nd"]
[Site "Chojnice"]
[Date "2006.??.??"]
[Round "6"]
[White "Sliwinski, Marcin"]
[Black "Murawski, Wieslaw"]
[Result "0-1"]
[WhiteElo "2136"]
[BlackElo "2142"]
[PlyCount "110"]
[EventDate "2006.07.??"]
[EventType "swiss"]
[EventRounds "9"]
[EventCountry "POL"]
[SourceTitle "EXT 2007"]
[Source "ChessBase"]
[SourceDate "2006.11.23"]
[SourceVersion "1"]
[SourceVersionDate "2006.11.23"]
[SourceQuality "1"]

1. e4 e5 2. Nf3 Nc6 3. Bc4 Bc5 4. 0-0 Nf6 5. Re1 0-0 6. d3 d6 7. c3 a6 8. Bb3 Ba7 9. Nbd2 Ne7 10. Nf1 Ng6 11. Ng3 c6 12. Bg5 h6 13. Be3 Bxe3 14. fxe3 d5 15. exd5 cxd5 16. e4 Qb6+ 17. d4 dxe4 18. Nxe4 Nxe4 19. Rxe4 Bf5 20. Re3 exd4 21. Qxd4 Qxd4 22. Nxd4 Bd7 23. Rae1 Rfe8 24. Bd5 Rxe3 25. Rxe3 Rb8 26. g3 Kf8 27. Nf3 b6 28. h4 f6 29. h5 Ne7 30. Be6 Bxe6 31. Rxe6 Kf7 32. Nd4 Nf5 33. Rc6 Nxg3 34. Rc7+ Kg8 35. Nc6 Ra8 36. Ne7+ Kh7 37. Nd5 Nxh5 38. Nxb6 Rd8 39. Nd7 Kg6 40. b4 Nf4 41. c4 Ne2+ 42. Kf2 Nc3 43. a3 Kf5 44. Nc5 g5 45. Nxa6 Kf4 46. Rh7 g4 47. Rxh6 g3+ 48. Kg1 Rd1+ 49. Kg2 Rd2+ 50. Kg1 f5 51. Re6 Kf3 52. Re1 Rg2+ 53. Kf1 Rf2+ 54. Kg1 Ne2+ 55. Kh1 Rh2# 0-1

[Event "POL-chT 2nd League"]
[Site "Wysowa"]
[Date "2005.08.27"]
[Round "1.58"]
[White "Nowak, Rafal"]
[Black "Sliwinski, Marcin"]
[Result "0-1"]
[WhiteElo "2068"]
[BlackElo "2165"]
[PlyCount "74"]
[EventDate "2005.08.27"]
[EventType "team-swiss"]
[EventRounds "9"]
[EventCountry "POL"]
[SourceTitle "EXT 2019"]
[Source "ChessBase"]
[SourceDate "2018.10.10"]
[SourceVersion "1"]
[SourceVersionDate "2018.10.10"]
[SourceQuality "1"]
[WhiteTeam "Gniezno LKS Chrobry"]
[BlackTeam "Zielonka Zieloni"]
[WhiteTeamCountry "POL"]
[BlackTeamCountry "POL"]

1. d4 d5 2. Bg5 Bf5 3. e3 Nd7 4. g4 Bg6 5. h4 f6 6. Bf4 e5 7. dxe5 fxe5 8. Bg3 c6 9. h5 Bf7 10. Nf3 Bd6 11. c3 Be6 12. Nd4 exd4 13. Bxd6 dxe3 14. f3 Qb6 15. Qb3 c5 16. Qxb6 axb6 17. Bb5 Ne7 18. Ke2 Nc8 19. Bg3 Na7 20. Na3 d4 21. Bxd7+ Kxd7 22. cxd4 cxd4 23. Be5 Nc6 24. Bxg7 Rhe8 25. Kd3 Ra4 26. Rhc1 Nb4+ 27. Ke2 Nd5 28. Bh6 Nb4 29. Bg7 d3+ 30. Kxe3 Bxg4+ 31. Kf2 Re2+ 32. Kg3 Bxh5 33. Nc4 Nd5 34. b3 Ra8 35. Kh4 Rg8 36. Rg1 Bxf3 37. Ne5+ Rxe5 0-1

[Event "EU-ch 6th"]
[Site "Warsaw"]
[Date "2005.06.23"]
[Round "6"]
[White "Babujian, Levon"]
[Black "Sliwinski, Marcin"]
[Result "1-0"]
[WhiteElo "2386"]
[BlackElo "2186"]
[PlyCount "77"]
[EventDate "2005.06.18"]
[EventType "swiss"]
[EventRounds "13"]
[EventCountry "POL"]
[SourceTitle "CBM 108"]
[Source "ChessBase"]
[SourceDate "2005.09.26"]
[SourceVersion "1"]
[SourceVersionDate "2005.09.26"]
[SourceQuality "1"]

1. e4 c5 2. Nc3 Nc6 3. Bb5 Nd4 4. Bc4 e6 5. Nf3 Ne7 6. Nxd4 cxd4 7. Ne2 Nc6 8. 0-0 a6 9. a4 g6 10. d3 Bg7 11. f4 0-0 12. Qe1 Re8 13. Bb3 d6 14. Bd2 Bd7 15. Qf2 Rc8 16. a5 Kh8 17. g4 f5 18. gxf5 exf5 19. Ng3 Qf6 20. Qg2 Rc7 21. c4 dxc3 22. bxc3 Rec8 23. Rfe1 fxe4 24. Nxe4 Qf5 25. d4 Qf8 26. Ng5 Bf5 27. Qd5 h6 28. Ne6 Bxe6 29. Rxe6 Rd8 30. Rae1 Ne7 31. Qe4 d5 32. Qe2 Nf5 33. Rxg6 Re7 34. Re6 Bxd4+ 35. cxd4 Nxd4 36. Rxe7 Nxe2+ 37. R7xe2 Qd6 38. Rg2 h5 39. Re5 1-0

[Event "EU-ch 6th"]
[Site "Warsaw"]
[Date "2005.06.21"]
[Round "4"]
[White "Bednarek, Sylwester"]
[Black "Sliwinski, Marcin"]
[Result "0-1"]
[WhiteElo "2321"]
[BlackElo "2186"]
[PlyCount "68"]
[EventDate "2005.06.18"]
[EventType "swiss"]
[EventRounds "13"]
[EventCountry "POL"]
[SourceTitle "CBM 108"]
[Source "ChessBase"]
[SourceDate "2005.09.26"]
[SourceVersion "1"]
[SourceVersionDate "2005.09.26"]
[SourceQuality "1"]

1. d4 d5 2. c4 c6 3. Nf3 Nf6 4. Nc3 e6 5. Bg5 Be7 6. e3 0-0 7. Qc2 Nbd7 8. 0-0-0 h6 9. h4 dxc4 10. Bxc4 b5 11. Bb3 a5 12. a4 Ba6 13. Bxf6 Nxf6 14. Ng5 bxa4 15. Nxa4 Bb5 16. Nc5 a4 17. Ba2 Bxc5 18. dxc5 Qe7 19. Rd6 Rfd8 20. Rd4 Rxd4 21. exd4 Rd8 22. Nf3 Qc7 23. Qd2 Qa7 24. g4 a3 25. b3 Ne4 26. Qc2 Qa5 27. Re1 Rxd4 28. Rxe4 Rxe4 29. Qxe4 Qc3+ 30. Kd1 Bd3 31. Qe3 Qa1+ 32. Qc1 Qxa2 33. Nd2 Qb2 34. g5 Qe5 0-1

[Event "Mazowieckie-chT 0405"]
[Site "Poland"]
[Date "2004.10.17"]
[Round "2"]
[White "Bajgrowicz, Andrzej"]
[Black "Sliwinski, Marcin"]
[Result "1-0"]
[WhiteElo "2082"]
[BlackElo "2195"]
[PlyCount "74"]
[EventDate "2004.10.03"]
[EventType "team-tourn"]
[EventRounds "10"]
[EventCountry "POL"]
[SourceTitle "EXT 2019"]
[Source "ChessBase"]
[SourceDate "2018.10.10"]
[SourceVersion "1"]
[SourceVersionDate "2018.10.10"]
[SourceQuality "1"]

1. e4 c5 2. Nf3 Nc6 3. d4 cxd4 4. Nxd4 e5 5. Nb5 d6 6. N1c3 a6 7. Na3 Be6 8. Nc4 Be7 9. Be2 Nf6 10. Bg5 Nd4 11. Bxf6 gxf6 12. Ne3 Rc8 13. Bd3 h5 14. 0-0 h4 15. Ncd5 h3 16. g3 Bf8 17. c3 Nc6 18. Be2 Bg7 19. Bg4 Ne7 20. Qf3 Rh6 21. Rfd1 Rc6 22. Bf5 Qc8 23. Nxe7 Kxe7 24. Qg4 Qh8 25. Rd2 Rh5 26. Qd1 Rg5 27. c4 Qc8 28. b3 Bh6 29. Rd3 b5 30. Nd5+ Kf8 31. Bxe6 Qxe6 32. cxb5 axb5 33. Nb4 Rb6 34. Rc1 Rg4 35. f3 Rg8 36. Rc7 Kg7 37. Rdc3 Rd8 1-0

[Event "Warsaw-ch"]
[Site "Warsaw"]
[Date "1998.05.28"]
[Round "6"]
[White "Grzelak, Artur"]
[Black "Sliwinski, Marcin"]
[Result "1-0"]
[WhiteElo "2270"]
[BlackElo "2075"]
[PlyCount "94"]
[EventDate "1998.??.??"]
[EventType "swiss"]
[EventRounds "9"]
[EventCountry "POL"]
[SourceTitle "EXT 2000"]
[Source "ChessBase"]
[SourceDate "1999.11.16"]
[SourceVersion "1"]
[SourceVersionDate "1999.11.16"]
[SourceQuality "1"]

1. d4 d5 2. c4 e6 3. Nc3 f5 4. g4 fxg4 5. h3 g3 6. fxg3 Bd6 7. Kf2 Nf6 8. c5 Bxg3+ 9. Kxg3 Nh5+ 10. Kf2 Qh4+ 11. Ke3 Nc6 12. Kd2 Qxd4+ 13. Kc2 Nb4+ 14. Kb1 Qxd1 15. Nxd1 Ng3 16. Bg2 Nxh1 17. Bxh1 0-0 18. Be3 Bd7 19. Kc1 Rad8 20. Bg2 Bb5 21. Kd2 d4 22. Bg5 Rd7 23. Nf3 Rf5 24. a3 Nd5 25. Ke1 h6 26. Bd2 Nf6 27. b4 Nh5 28. Nh4 Re5 29. Bf3 Ng3 30. Bf4 Rg5 31. Bxg5 hxg5 32. Ng2 Rf7 33. Nf2 d3 34. Bg4 Kf8 35. exd3 Bxd3 36. Bxe6 Re7 37. Nxd3 Rxe6+ 38. Kf2 Ne4+ 39. Kg1 Rh6 40. Rf1+ Kg8 41. Rf3 Nd2 42. Rg3 Ne4 43. Re3 Nc3 44. Nf2 Nb5 45. Ne1 b6 46. Nf3 bxc5 47. Nxg5 Rg6 1-0

[Event "Warsaw-ch"]
[Site "Warsaw"]
[Date "1997.??.??"]
[Round "5"]
[White "Bartel, Mateusz"]
[Black "Sliwinski, Marcin"]
[Result "0-1"]
[WhiteElo "2135"]
[BlackElo "2080"]
[PlyCount "126"]
[EventDate "1997.??.??"]
[EventType "swiss"]
[EventRounds "9"]
[EventCountry "POL"]
[SourceTitle "EXT 2000"]
[Source "ChessBase"]
[SourceDate "1999.11.16"]
[SourceVersion "1"]
[SourceVersionDate "1999.11.16"]
[SourceQuality "1"]

1. e4 d5 2. exd5 Qxd5 3. Nc3 Qa5 4. g3 Nf6 5. Bg2 c6 6. d3 Bf5 7. Nf3 Nbd7 8. 0-0 e6 9. h3 Bd6 10. Nh4 Bg6 11. Nxg6 hxg6 12. Bd2 Qc7 13. Rb1 Nb6 14. b4 Rc8 15. Qe2 0-0 16. b5 c5 17. Ne4 Be5 18. f4 Bd4+ 19. Kh1 Nbd5 20. c4 Ne7 21. Nxf6+ gxf6 22. Qf3 b6 23. a4 Kg7 24. a5 Rh8 25. Rb3 Qd7 26. Ra3 e5 27. g4 f5 28. g5 e4 29. dxe4 fxe4 30. Qxe4 Nf5 31. Rd3 Rce8 32. Qb7 Qxb7 33. Bxb7 Be3 34. Bc3+ Bd4 35. Bxd4+ cxd4 36. Bg2 Re2 37. Kg1 Ne3 38. Rf2 Re1+ 39. Kh2 Ng4+ 40. Kg3 Nxf2 41. Kxf2 Rhe8 42. Bf3 bxa5 43. Rxd4 Rc1 44. Rd7 Rxc4 45. Rxa7 Rb8 46. Rxf7+ Kxf7 47. Bd5+ Ke7 48. Bxc4 Kd6 49. Bd3 a4 50. Bxg6 Rxb5 51. Bh7 Rb8 52. Bd3 a3 53. Bc4 Rb4 54. Bg8 Rxf4+ 55. Kg3 Re4 56. g6 Re6 57. g7 Rg6+ 58. Kf4 Rxg7 59. Bb3 Rb7 60. Bg8 Rb8 61. Ba2 Rb2 62. Bg8 Rf2+ 63. Kg3 a2 0-1